Case study research : design and methods

Αποθηκεύτηκε σε:
Λεπτομέρειες βιβλιογραφικής εγγραφής
Κύριος συγγραφέας: Yin, Robert K.
Μορφή: Βιβλίο
Γλώσσα:English
Δημοσίευση: Tousand Oaks : Sage Publications, c1994
Έκδοση:2nd ed.
Σειρά:Applied social research methods series ; ; 5
Θέματα:
Ετικέτες: Προσθήκη ετικέτας
Δεν υπάρχουν, Καταχωρήστε ετικέτα πρώτοι!

MARC

LEADER 00000nam a2200000 i 4500
001 1/18266
008 981015s1994 eng d
020 |a 0-8039-5663-0 
035 |l 10020852 
040 |a GR-MY-UA  |b    |e aacr 
041 0 |a eng 
082 0 |a 300.722 
100 1 |a Yin, Robert K. 
245 1 0 |a Case study research :  |b design and methods /  |c Robert K. Yin 
250 |a 2nd ed. 
260 |a Tousand Oaks :   |b Sage Publications,   |c c1994 
300 |a xvii, 170 σ.;  |b εικ.;  |c 23 εκ. 
490 1 |a Applied social research methods series  |v ; 5 
504 |a Περιέχει βιβλιογραφικές παραπομπές (σ. 155-161) και ευρετήρια 
650 0 0 |a Case method. 
650 0 0 |a Social sciences  |x Research  |x Methodology. 
830 0 |a Applied social research methods series ;  |v ; 5 
852 |a INST  |b LESVOS  |e 19981019  |h 300.722 YIN  |p 005100018243  |q 005100018243  |t BK  |y 0 
852 |a INST  |b LESVOS  |e 19981015  |h 300.722 YIN  |p 005100018244  |q 005100018244  |t BK  |y 0 
901 |a BIBL-1999-1 
909 |a Λ  |b 059331 
909 |a Λ  |b 059608 
922 |a 1ΕΛΗ  |b 199809  |c ΚΠΣ/ΤΓ  |d ΠΑΠΑΣΩΤΗΡΙΟΥ 
922 |a 1ΕΛΗ  |b 199809  |c ΚΠΣ/ΤΓ  |d ΠΑΠΑΣΩΤΗΡΙΟΥ 
950 |a 118-1998-07-21 
950 |a 118-1998-07-23